Marcos Ramírez : Aventuras de un muchacho /
Gorde:
| Egile nagusia: | |
|---|---|
| Formatua: | Ezezaguna |
| Hizkuntza: | Spanish |
| Argitaratua: |
San José, Costa Rica :
Editorial Costa Rica,
1982.
|
| Edizioa: | 5. edición |
| Saila: | (Biblioteca de literatura Centroamericana ;
número 6) |
| Gaiak: | |
| Etiketak: |
Etiketa erantsi
Etiketarik gabe, Izan zaitez lehena erregistro honi etiketa jartzen!
|
MARC
| LEADER | 000000000a22000000004500 | ||
|---|---|---|---|
| 001 | 002840 | ||
| 041 | 0 | |a spa | |
| 082 | 0 | 4 | |a CR863.4 |b F195m5 |
| 100 | 1 | |a Fallas Sibaja, Carlos Luis, |d 1909-1966 | |
| 245 | 1 | 0 | |a Marcos Ramírez : |b Aventuras de un muchacho / |c Carlos Luis Fallas Sibaja. |
| 250 | |a 5. edición | ||
| 260 | 1 | |a San José, Costa Rica : |b Editorial Costa Rica, |c 1982. | |
| 300 | |a 298 páginas | ||
| 490 | 1 | |a (Biblioteca de literatura Centroamericana ; |v número 6) | |
| 650 | 4 | |a LITERATURA COSTARRICENSE | |
| 650 | 4 | |a NOVELA | |
| 999 | |c 9191 |d 9191 | ||
| 942 | |c BK |h CR863.4 F195m5 |2 z | ||
